<?xml version="1.0" encoding="UTF-8"?>
<marc:record xmlns:marc="http://www.loc.gov/MARC21/slim">
   <marc:leader>00000nam a2200000 a 4500</marc:leader>
   <marc:datafield ind1="1" ind2=" " tag="100">
      <marc:subfield code="a">De Lon, Nora</marc:subfield>
      <marc:subfield code="4">aut</marc:subfield>
      <marc:subfield code="e">Verfasser/-in</marc:subfield>
   </marc:datafield>
   <marc:datafield ind1="0" ind2="0" tag="245">
      <marc:subfield code="a">Die Fellfreunde auf Dino-Mission!</marc:subfield>
   </marc:datafield>
   <marc:datafield ind1="0" ind2="0" tag="245">
      <marc:subfield code="c">De Lon, Nora</marc:subfield>
   </marc:datafield>
   <marc:datafield ind1=" " ind2="1" tag="264">
      <marc:subfield code="a">Hamburg</marc:subfield>
      <marc:subfield code="b">Carlsen</marc:subfield>
      <marc:subfield code="c">2023</marc:subfield>
   </marc:datafield>
   <marc:datafield ind1="1" ind2=" " tag="490">
      <marc:subfield code="a">PAW Patrol</marc:subfield>
   </marc:datafield>
   <marc:datafield ind1="1" ind2=" " tag="520">
      <marc:subfield code="a">*** Erstes Lesenlernen mit der PAW Patrol***&#xD;
&#xD;
Chase, Rubble, Skye und die anderen Fellfreunde stellen sich einem spannenden Abenteuer. Zusammen mit Neuzugang Rex muss die PAW Patrol im Urzeitland nach dem Rechten sehen: Ein verfressener Triceratops hat Francois' Lieblingschips gemopst und dann müssen die Freunde auch noch eine Herde Dinos aus dem Tal lotsen, bevor der Vulkan ausbricht...&#xD;
&#xD;
Mit einfachen Sätzen und extragroßer Fibelschrift tauchen die Leser*innen in die Welt von PAW Patrol Dino Rescue ein und lernen so spielerisch erstes Lesen.&#xD;
&#xD;
Einfach Lesen lernen:&#xD;
&#xD;
Kleine Texteinheiten in Kombination mit vielen bunten Bildern&#xD;
Comicelemente, um die Sehgewohnheiten von Kindern zu berücksichtigen&#xD;
Kurze Sätze und Wörter&#xD;
Fantasievolle Geschichten rund um den Kinderliebling PAW Patrol Dino Rescue</marc:subfield>
   </marc:datafield>
   <marc:datafield ind1=" " ind2=" " tag="020">
      <marc:subfield code="a">9783551690715</marc:subfield>
      <marc:subfield code="9">9783551690715</marc:subfield>
   </marc:datafield>
   <marc:datafield ind1=" " ind2=" " tag="020">
      <marc:subfield code="a">3551690715</marc:subfield>
      <marc:subfield code="9">3551690715</marc:subfield>
   </marc:datafield>
   <marc:datafield ind1=" " ind2=" " tag="041">
      <marc:subfield code="a">ger</marc:subfield>
   </marc:datafield>
   <marc:datafield ind1=" " ind2=" " tag="300">
      <marc:subfield code="b">Illustrationen</marc:subfield>
   </marc:datafield>
   <marc:datafield ind1=" " ind2=" " tag="338">
      <marc:subfield code="a">Band</marc:subfield>
   </marc:datafield>
   <marc:datafield ind1=" " ind2=" " tag="300">
      <marc:subfield code="a">57 Seiten</marc:subfield>
   </marc:datafield>
</marc:record>
